[Event "ETCC Open 2023"]
[Site "Budva"]
[Date "2023.11.15"]
[Round "5.6"]
[White "Djukic, Nikola"]
[Black "Mamedov, Rauf"]
[Result "1/2-1/2"]
[WhiteElo "2518"]
[BlackElo "2644"]
[Annotator "TA"]
[PlyCount "159"]
[EventDate "2023.11.10"]
[EventType "team-tourn"]
[EventCountry "MNE"]
[SourceTitle "playchess.com"]
[Source "ChessBase"]
[SourceQuality "1"]
[WhiteTeam "Montenegro"]
[BlackTeam "Azerbaijan"]
[WhiteTeamCountry "MNE"]
[BlackTeamCountry "AZE"]

1. e4 c5 2. Nf3 Nc6 3. Bb5 g6 4. O-O Bg7 5. c3 Nf6 6. Re1 O-O 7. d4 a6 8. Bxc6 dxc6 9. h3 cxd4 10. cxd4 c5 11. d5 b5 12. Nc3 Bb7 13. Bf4 Re8 14. Be5 Bh6 15. Nh2 Nd7 16. Ng4 Bf8 17. Bf4 e5 18. Bh6 Bxh6 19. Nxh6+ Kg7 20. Qd2 c4 21. b4 cxb3 22. axb3 Rc8 23. Ng4 h5 24. Nh2 Nc5 25. Rab1 b4 26. Nd1 a5 27. f3 Qb6 28. Qe3 Ba6 29. Nf1 Qb5 30. Nb2 Nd3 31. Nxd3 Qxd3 32. Qxd3 Bxd3 33. Ra1 Rc3 34. Rxa5 Rxb3 35. Re3 Rc3 36. d6 b3 37. Nd2 b2 38. Kh2 Rd8 39. Rd5 Rc2 40. Rexd3 Rxd2 41. Rb3 Rxd5 42. exd5 Rxd6 43. Rxb2 Rxd5 44. h4 Rd6 45. Rb7 Kf6 46. Kg3 Ke6 47. Ra7 f5 48. Ra5 Kf6 49. Rb5 Re6 50. Kf2 Ra6 51. Kg3 Re6 52. Kf2 f4 53. Ra5 Rb6 54. Kg1 Kf5 55. Kh2 Rd6 56. Rb5 Ke6 57. Ra5 Rd4 58. Ra6+ Rd6 59. Ra5 Kf6 60. Rb5 Re6 61. Rb4 Ra6 62. Rb5 Ra2 63. Rb6+ Kf5 64. Rb5 Re2 65. Ra5 Re1 66. Rb5 g5 67. hxg5 Kxg5 68. Rb8 Re2 69. Rg8+ Kf6 70. Rh8 Kg6 71. Rg8+ Kh7 72. Rg5 Kh6 73. Rg8 e4 74. fxe4 f3 75. Kg1 fxg2 76. Rxg2 Rxe4 77. Kh2 Rg4 78. Rxg4 hxg4 79. Kg3 Kg6 80. Kxg4 1/2-1/2

[Event "ETCC Open 2023"]
[Site "Budva"]
[Date "2023.11.15"]
[Round "5.7"]
[White "Abasov, Nijat"]
[Black "Petrov, Nikita"]
[Result "1-0"]
[WhiteElo "2679"]
[BlackElo "2567"]
[Annotator "TA"]
[PlyCount "103"]
[EventDate "2023.11.10"]
[EventType "team-tourn"]
[EventCountry "MNE"]
[SourceTitle "playchess.com"]
[Source "ChessBase"]
[SourceQuality "1"]
[WhiteTeam "Azerbaijan"]
[BlackTeam "Montenegro"]
[WhiteTeamCountry "AZE"]
[BlackTeamCountry "MNE"]

1. d4 Nf6 2. Nf3 d5 3. Bf4 c5 4. e3 Qb6 5. c4 cxd4 6. Qxd4 Nbd7 7. Nc3 Qxd4 8. exd4 dxc4 9. Bxc4 Nb6 10. Bb3 e6 11. O-O Bb4 12. a3 Bxc3 13. bxc3 Nbd5 14. Bd2 Ne4 15. c4 Nxd2 16. Nxd2 Nf6 17. a4 Bd7 18. Nf3 O-O 19. Ne5 Rfd8 20. Rfd1 Be8 21. f3 Nd7 22. Nd3 Nb8 23. d5 exd5 24. cxd5 Na6 25. Kf2 f6 26. Rac1 Bf7 27. Nf4 Kf8 28. h4 b6 29. Rc6 Nc5 30. Bc2 Be8 31. Rc7 Rd7 32. d6 Rxc7 33. dxc7 Rc8 34. Nd5 Bg6 35. Nxf6 Rxc7 36. Nxh7+ Bxh7 37. Bxh7 Nxa4 38. h5 Nc5 39. Bf5 b5 40. g4 b4 41. g5 Rc6 42. Rd8+ Ke7 43. Rg8 Kf7 44. Ra8 Ra6 45. g6+ Kf6 46. Rf8+ Kg5 47. f4+ Kxf4 48. h6 Ra2+ 49. Kf1 Ra1+ 50. Kg2 Ra2+ 51. Kh3 Ra3+ 52. Kh4 1-0

[Event "ETCC Open 2023"]
[Site "Budva"]
[Date "2023.11.15"]
[Round "5.8"]
[White "Draskovic, Luka"]
[Black "Durarbayli, Vasif"]
[Result "0-1"]
[WhiteElo "2476"]
[BlackElo "2625"]
[Annotator "TA"]
[PlyCount "86"]
[EventDate "2023.11.10"]
[EventType "team-tourn"]
[EventCountry "MNE"]
[SourceTitle "playchess.com"]
[Source "ChessBase"]
[SourceQuality "1"]
[WhiteTeam "Montenegro"]
[BlackTeam "Azerbaijan"]
[WhiteTeamCountry "MNE"]
[BlackTeamCountry "AZE"]

1. e4 c5 2. Nf3 d6 3. Bb5+ Nd7 4. a4 Ngf6 5. Nc3 a6 6. Be2 b6 7. d4 cxd4 8. Qxd4 Bb7 9. O-O e6 10. Rd1 Qc7 11. Be3 Ng4 12. Bg5 h6 13. Bh4 Nge5 14. Bg3 Rc8 15. Nd2 h5 16. h3 Be7 17. Kh1 Bf6 18. Qe3 g5 19. f4 gxf4 20. Bxf4 Qc5 21. Qg3 h4 22. Qe1 Qb4 23. Ra3 Rg8 24. Rb3 Qc5 25. Qf1 Qc6 26. Rb4 Ke7 27. Rd4 Nc5 28. Nc4 Nxc4 29. Rxc4 Bxc3 30. Rxd6 Qe8 31. Rxb6 Bxe4 32. Bd6+ Kd7 33. Bf3 Ba5 34. Bxc5 Rxc5 35. Rd4+ Ke7 36. Rbd6 Rf5 37. Rd7+ Qxd7 38. Rxd7+ Kxd7 39. Qd1+ Rd5 40. Qe2 Bxf3 41. Qxf3 Rf5 42. Qb7+ Bc7 43. Qxa6 Rgg5 0-1

[Event "ETCC Open 2023"]
[Site "Budva"]
[Date "2023.11.15"]
[Round "5.9"]
[White "Schitco, Ivan"]
[Black "Carlsen, Magnus"]
[Result "1/2-1/2"]
[WhiteElo "2503"]
[BlackElo "2829"]
[Annotator "TA"]
[PlyCount "85"]
[EventDate "2023.11.10"]
[EventType "team-tourn"]
[EventCountry "MNE"]
[SourceTitle "playchess.com"]
[Source "ChessBase"]
[SourceQuality "1"]
[WhiteTeam "Moldova"]
[BlackTeam "Norway"]
[WhiteTeamCountry "MDA"]
[BlackTeamCountry "NOR"]

1. d4 Nf6 2. c4 g6 3. Nc3 Bg7 4. e4 d6 5. h3 O-O 6. Be3 Nc6 7. d5 Nb4 8. a3 Na6 9. Bd3 Nc5 10. Bc2 Nfd7 11. Nge2 a5 12. O-O Nb6 13. b3 e5 14. Rb1 Ncd7 15. Bd3 Nc5 16. Bc2 Ncd7 17. Bd3 f5 18. f3 Nc5 19. b4 Nxd3 20. Qxd3 Nd7 21. c5 axb4 22. axb4 Nf6 23. Ra1 fxe4 24. fxe4 Rxa1 25. Rxa1 Nh5 26. Rf1 Rxf1+ 27. Kxf1 Qf6+ 28. Bf2 Nf4 29. Nxf4 exf4 30. Nb5 Qa1+ 31. Ke2 Qb2+ 32. Kf3 g5 33. cxd6 h5 34. Bd4 g4+ 35. hxg4 Bxg4+ 36. Kxf4 Qxg2 37. Bxg7 Kxg7 38. e5 Kh6 39. Qe3 cxd6 40. Nxd6 Qxd5 41. Ne4 Kg6 42. Qb6+ Qc6 43. Qxc6+ 1/2-1/2

[Event "ETCC Open 2023"]
[Site "Budva"]
[Date "2023.11.15"]
[Round "5.10"]
[White "Tari, Aryan"]
[Black "Macovei, Andrei"]
[Result "1/2-1/2"]
[WhiteElo "2620"]
[BlackElo "2446"]
[Annotator "TA"]
[PlyCount "115"]
[EventDate "2023.11.10"]
[EventType "team-tourn"]
[EventCountry "MNE"]
[SourceTitle "playchess.com"]
[Source "ChessBase"]
[SourceQuality "1"]
[WhiteTeam "Norway"]
[BlackTeam "Moldova"]
[WhiteTeamCountry "NOR"]
[BlackTeamCountry "MDA"]

1. e4 e5 2. Nf3 Nc6 3. Bc4 Nf6 4. d3 Bc5 5. a4 d6 6. a5 a6 7. O-O Nd4 8. Nbd2 h6 9. c3 Nxf3+ 10. Nxf3 Ba7 11. Be3 O-O 12. Bxa7 Rxa7 13. Re1 Qe7 14. d4 b5 15. axb6 cxb6 16. Nh4 Kh7 17. g3 g6 18. Ng2 Be6 19. Bd3 a5 20. Ne3 Rb8 21. f4 b5 22. Qf3 Kg7 23. Rf1 b4 24. Rf2 bxc3 25. bxc3 Rb3 26. fxe5 dxe5 27. dxe5 Nh7 28. Bc2 Rb8 29. h4 Qc5 30. Nf5+ Kh8 31. Nd4 Bc4 32. Qf4 Re8 33. Ba4 Rc8 34. Kh2 Re7 35. Qxh6 Rxe5 36. Qf4 f6 37. Rb1 Qc7 38. Qg4 Bd3 39. Re1 Qxc3 40. Nf3 Re7 41. Re3 Qc5 42. Rd2 f5 43. Qf4 fxe4 44. Ne1 Rf8 45. Qh6 Qc1 46. Rd1 Qb2+ 47. Bc2 Rf2+ 48. Kg1 Rf1+ 49. Kh2 Ref7 50. Rd2 Qc3 51. Rxe4 Bxe4 52. Bxe4 R1f2+ 53. Rxf2 Rxf2+ 54. Ng2 Qg7 55. Qe3 Nf6 56. Bf3 Rb2 57. Qa3 Rf2 58. Qxa5 1/2-1/2

[Event "ETCC Open 2023"]
[Site "Budva"]
[Date "2023.11.15"]
[Round "5.11"]
[White "Bologan, Victor"]
[Black "Hauge, Lars Oskar"]
[Result "1-0"]
[WhiteElo "2574"]
[BlackElo "2498"]
[Annotator "RC"]
[PlyCount "99"]
[EventDate "2023.11.10"]
[EventType "team-tourn"]
[EventCountry "MNE"]
[SourceTitle "playchess.com"]
[Source "ChessBase"]
[SourceQuality "1"]
[WhiteTeam "Moldova"]
[BlackTeam "Norway"]
[WhiteTeamCountry "MDA"]
[BlackTeamCountry "NOR"]

1. e4 e5 2. Nf3 Nc6 3. Bc4 Bc5 4. c3 Nf6 5. d3 d6 6. a4 a5 7. O-O Ba7 8. Be3 Bxe3 9. fxe3 O-O 10. Nbd2 Ne7 11. Nh4 d5 12. Bb3 dxe4 13. Nxe4 Nxe4 14. dxe4 Nc6 15. Nf5 Qxd1 16. Raxd1 Be6 17. Bd5 Rfe8 18. Bxe6 fxe6 19. Nh4 Rad8 20. Nf3 Rxd1 21. Rxd1 Kf8 22. Kf2 Ke7 23. Ke2 Rb8 24. Ra1 b6 25. Kd3 Rd8+ 26. Kc4 Rd6 27. b4 Kf6 28. g4 Nd8 29. g5+ Kg6 30. Nxe5+ Kxg5 31. Rf1 h5 32. Rf4 Kh6 33. Rf8 Kh7 34. h4 Rd1 35. Nf3 Nb7 36. e5 Kg6 37. Nd4 axb4 38. cxb4 c5 39. Nxe6 cxb4 40. Kxb4 Re1 41. Kb5 Na5 42. Nf4+ Kh7 43. Nd5 Rd1 44. Nxb6 Nb7 45. e6 Rb1+ 46. Kc6 Na5+ 47. Kd5 Rd1+ 48. Kc5 Rc1+ 49. Kb5 Nc6 50. Nd5 1-0

[Event "ETCC Open 2023"]
[Site "Budva"]
[Date "2023.11.15"]
[Round "5.12"]
[White "Kaasen, Tor Fredrik"]
[Black "Lashkin, Jegor"]
[Result "1-0"]
[WhiteElo "2471"]
[BlackElo "2457"]
[Annotator "RC"]
[PlyCount "83"]
[EventDate "2023.11.10"]
[EventType "team-tourn"]
[EventCountry "MNE"]
[SourceTitle "playchess.com"]
[Source "ChessBase"]
[SourceQuality "1"]
[WhiteTeam "Norway"]
[BlackTeam "Moldova"]
[WhiteTeamCountry "NOR"]
[BlackTeamCountry "MDA"]

1. d4 Nf6 2. c4 e6 3. Nf3 d5 4. g3 dxc4 5. Bg2 c6 6. O-O b5 7. b3 cxb3 8. Qxb3 Bb7 9. Nc3 Be7 10. Ne5 b4 11. Na4 O-O 12. Rd1 Nfd7 13. Nc5 Nxc5 14. dxc5 Qc7 15. Qxb4 Na6 16. Qc3 Rad8 17. Bf4 Qc8 18. Nc4 Bxc5 19. Be5 Rxd1+ 20. Rxd1 f6 21. Bd6 Rd8 22. Rd3 Bxd6 23. Nxd6 Qc7 24. Qa3 Rd7 25. Bh3 f5 26. Bxf5 exf5 27. Qb3+ Kf8 28. Qe6 Rxd6 29. Rxd6 Bc8 30. Qe5 Kf7 31. h4 Qb6 32. h5 Qb1+ 33. Kh2 Qb5 34. Qd4 Ke7 35. Rd8 Qb4 36. Qxb4+ Nxb4 37. Rxc8 Kd6 38. Rg8 c5 39. a3 Nd5 40. Kg2 c4 41. Kf1 Ke5 42. Rxg7 1-0

[Event "ETCC Open 2023"]
[Site "Budva"]
[Date "2023.11.15"]
[Round "5.13"]
[White "Rapport, Richard"]
[Black "Wojtaszek, Radoslaw"]
[Result "1-0"]
[WhiteElo "2748"]
[BlackElo "2668"]
[Annotator "TA"]
[PlyCount "91"]
[EventDate "2023.11.10"]
[EventType "team-tourn"]
[EventCountry "MNE"]
[SourceTitle "playchess.com"]
[Source "ChessBase"]
[SourceQuality "1"]
[WhiteTeam "Romania"]
[BlackTeam "Poland"]
[WhiteTeamCountry "ROU"]
[BlackTeamCountry "POL"]

1. e4 c5 2. Nf3 d6 3. Bb5+ Nd7 4. O-O a6 5. Be2 Ngf6 6. d3 g6 7. c4 Bg7 8. Nc3 b6 9. d4 cxd4 10. Nxd4 Bb7 11. f3 O-O 12. Nb3 b5 13. cxb5 axb5 14. Bxb5 d5 15. exd5 Nb6 16. d6 Nbd5 17. dxe7 Qxe7 18. Bd2 Nh5 19. Qe2 Qc7 20. Rac1 Nxc3 21. Bxc3 Qb6+ 22. Kh1 Nf4 23. Qd2 Bxc3 24. bxc3 Nxg2 25. a4 Ne3 26. Qf2 Bd5 27. Nd2 Rfb8 28. Rfe1 Nc4 29. Qxb6 Nxb6 30. c4 Be6 31. Ra1 Rc8 32. Re4 Rc7 33. a5 Kf8 34. Kg2 Nc8 35. Rd4 Ke7 36. Ne4 Na7 37. Ng5 Nc6 38. Nxe6 fxe6 39. Rh4 Kd6 40. a6 Kc5 41. Re4 Nd4 42. Rb1 Rf8 43. Rd1 Rd8 44. f4 Rd6 45. Ra1 Rd8 46. Rxd4 1-0

[Event "ETCC Open 2023"]
[Site "Budva"]
[Date "2023.11.15"]
[Round "5.14"]
[White "Teclaf, Pawel"]
[Black "Deac, Bogdan-Daniel"]
[Result "0-1"]
[WhiteElo "2571"]
[BlackElo "2700"]
[Annotator "TA"]
[PlyCount "72"]
[EventDate "2023.11.10"]
[EventType "team-tourn"]
[EventCountry "MNE"]
[SourceTitle "playchess.com"]
[Source "ChessBase"]
[SourceQuality "1"]
[WhiteTeam "Poland"]
[BlackTeam "Romania"]
[WhiteTeamCountry "POL"]
[BlackTeamCountry "ROU"]

1. c4 e5 2. g3 c6 3. Nf3 e4 4. Nd4 d5 5. cxd5 Qxd5 6. Nc2 Nf6 7. Nc3 Qe5 8. Bg2 Na6 9. O-O Be7 10. Rb1 h5 11. d4 exd3 12. exd3 Bg4 13. Bf3 Qf5 14. Bf4 Nc5 15. Ne3 Qg6 16. Be5 Nxd3 17. Nxg4 hxg4 18. Bxf6 Bxf6 19. Bxg4 Kf8 20. h3 Ne5 21. Kg2 Rd8 22. Qa4 Nxg4 23. hxg4 b5 24. Qe4 Qxe4+ 25. Nxe4 Be7 26. g5 Ke8 27. Rfd1 Rd7 28. a4 bxa4 29. Ra1 a5 30. Rxd7 Kxd7 31. Rxa4 Bb4 32. Ra1 Rb8 33. Rd1+ Ke6 34. b3 Be7 35. Rd3 Rb4 36. Kf3 c5 0-1

[Event "ETCC Open 2023"]
[Site "Budva"]
[Date "2023.11.15"]
[Round "5.15"]
[White "Shevchenko, Kirill"]
[Black "Bartel, Mateusz"]
[Result "1/2-1/2"]
[WhiteElo "2665"]
[BlackElo "2651"]
[Annotator "TA"]
[PlyCount "60"]
[EventDate "2023.11.10"]
[EventType "team-tourn"]
[EventCountry "MNE"]
[SourceTitle "playchess.com"]
[Source "ChessBase"]
[SourceQuality "1"]
[WhiteTeam "Romania"]
[BlackTeam "Poland"]
[WhiteTeamCountry "ROU"]
[BlackTeamCountry "POL"]

1. e4 e5 2. Nf3 Nc6 3. Nc3 Nf6 4. d4 exd4 5. Nxd4 Bb4 6. Nxc6 bxc6 7. Bd3 O-O 8. O-O d5 9. exd5 cxd5 10. h3 Rb8 11. a3 Be7 12. b4 d4 13. Nb5 c5 14. Nxa7 Bb7 15. b5 Qd5 16. Nc6 Bd6 17. Qf3 Qxf3 18. gxf3 Bxc6 19. bxc6 Rfc8 20. Bg5 Rxc6 21. Bxf6 gxf6 22. Be4 Ra6 23. Rfb1 Rxb1+ 24. Rxb1 Rxa3 25. Rb6 Be7 26. Rb7 Kf8 27. Bxh7 Rxf3 28. Kg2 Rc3 29. Rb3 Rxb3 30. cxb3 Kg7 1/2-1/2

[Event "ETCC Open 2023"]
[Site "Budva"]
[Date "2023.11.15"]
[Round "5.16"]
[White "Gumularz, Szymon"]
[Black "Nisipeanu, Liviu-Dieter"]
[Result "1/2-1/2"]
[WhiteElo "2580"]
[BlackElo "2591"]
[Annotator "TA"]
[PlyCount "62"]
[EventDate "2023.11.10"]
[EventType "team-tourn"]
[EventCountry "MNE"]
[SourceTitle "playchess.com"]
[Source "ChessBase"]
[SourceQuality "1"]
[WhiteTeam "Poland"]
[BlackTeam "Romania"]
[WhiteTeamCountry "POL"]
[BlackTeamCountry "ROU"]

1. e4 e6 2. d4 d5 3. Nc3 Bb4 4. e5 c5 5. a3 Bxc3+ 6. bxc3 Ne7 7. Qg4 Qc7 8. Qxg7 Rg8 9. Qxh7 cxd4 10. Ne2 Nbc6 11. f4 Bd7 12. Qd3 dxc3 13. Nxc3 Nf5 14. Ne2 O-O-O 15. h3 f6 16. g4 Nh4 17. exf6 e5 18. f7 Rh8 19. Bb2 e4 20. Qe3 Nf3+ 21. Kf2 Rh7 22. c4 d4 23. Qxe4 Ng5 24. Qg6 Rxf7 25. Qxg5 d3 26. Bc1 dxe2 27. Bg2 Nd4 28. Bd5 Ne6 29. Bxe6 Bxe6 30. Be3 Qc6 31. Rhe1 Rh8 1/2-1/2

[Event "ETCC Open 2023"]
[Site "Budva"]
[Date "2023.11.15"]
[Round "5.17"]
[White "Vitiugov, Nikita"]
[Black "Theodorou, Nikolas"]
[Result "1/2-1/2"]
[WhiteElo "2712"]
[BlackElo "2619"]
[Annotator "TA"]
[PlyCount "109"]
[EventDate "2023.11.10"]
[EventType "team-tourn"]
[EventCountry "MNE"]
[SourceTitle "playchess.com"]
[Source "ChessBase"]
[SourceQuality "1"]
[WhiteTeam "England"]
[BlackTeam "Greece"]
[WhiteTeamCountry "ENG"]
[BlackTeamCountry "GRE"]

1. d4 d5 2. c4 e6 3. Nc3 Nf6 4. Bg5 Be7 5. Nf3 O-O 6. cxd5 Nxd5 7. Bxe7 Qxe7 8. Qc2 Nb4 9. Qe4 c5 10. dxc5 Qxc5 11. a3 N4c6 12. e3 Nd7 13. Rc1 Nf6 14. Qb1 Ne5 15. Be2 Bd7 16. O-O Nxf3+ 17. Bxf3 Qb6 18. Rfd1 Rfd8 19. Rd4 a5 20. Rcd1 Bc6 21. Rxd8+ Rxd8 22. Bxc6 Rxd1+ 23. Qxd1 bxc6 24. Na4 Qc7 25. Nc5 h6 26. Qd4 Qb8 27. h3 Nd5 28. Qd2 Qb5 29. Qc2 Nf6 30. b3 Qb6 31. Qc4 Nd5 32. a4 Qb8 33. Nd3 Qb6 34. g3 Qb8 35. Kg2 Qb6 36. e4 Nf6 37. Ne5 c5 38. Qd3 Qb7 39. f3 Qb8 40. Nc6 Qb7 41. Nxa5 Qb4 42. Nc4 Qe1 43. g4 Nh7 44. a5 Nf8 45. Qd2 Qa1 46. h4 Ng6 47. h5 Nh4+ 48. Kf2 Qh1 49. Qe2 Qg2+ 50. Ke3 Qg1+ 51. Kd3 Qb1+ 52. Kc3 Qc1+ 53. Kd3 Qb1+ 54. Kc3 Qc1+ 55. Kd3 1/2-1/2

[Event "ETCC Open 2023"]
[Site "Budva"]
[Date "2023.11.15"]
[Round "5.18"]
[White "Mastrovasilis, Dimitrios"]
[Black "Howell, David W L"]
[Result "1/2-1/2"]
[WhiteElo "2573"]
[BlackElo "2676"]
[Annotator "TA"]
[PlyCount "89"]
[EventDate "2023.11.10"]
[EventType "team-tourn"]
[EventCountry "MNE"]
[SourceTitle "playchess.com"]
[Source "ChessBase"]
[SourceQuality "1"]
[WhiteTeam "Greece"]
[BlackTeam "England"]
[WhiteTeamCountry "GRE"]
[BlackTeamCountry "ENG"]

1. e4 e5 2. Nf3 Nc6 3. Bb5 a6 4. Ba4 Nf6 5. O-O Be7 6. Re1 b5 7. Bb3 O-O 8. d4 d6 9. c3 Bg4 10. d5 Na5 11. Bc2 c6 12. h3 Bc8 13. dxc6 Qc7 14. Nbd2 Qxc6 15. Nf1 Nc4 16. Ng3 Be6 17. Qe2 Rfc8 18. Bd3 Rab8 19. Ng5 Bd7 20. b3 Nb6 21. Bd2 h6 22. Nf3 Be6 23. Rac1 Qb7 24. Nh4 Nbd7 25. Nhf5 Bf8 26. Nh5 Bxf5 27. exf5 Nxh5 28. Qxh5 Re8 29. Qg4 Nf6 30. Qg3 Kh8 31. c4 e4 32. Bf1 bxc4 33. bxc4 Qd7 34. Qf4 Rb2 35. Bc3 Rxa2 36. Ra1 Rxa1 37. Rxa1 Qa7 38. Qe3 Qb7 39. Bxf6 gxf6 40. c5 dxc5 41. Rxa6 Qe7 42. Ra4 Qb7 43. Ra6 Qe7 44. Ra4 Qb7 45. Ra6 1/2-1/2

[Event "ETCC Open 2023"]
[Site "Budva"]
[Date "2023.11.15"]
[Round "5.19"]
[White "Adams, Michael"]
[Black "Kourkoulos-Arditis, Stamatis"]
[Result "1-0"]
[WhiteElo "2670"]
[BlackElo "2543"]
[Annotator "TA"]
[PlyCount "149"]
[EventDate "2023.11.10"]
[EventType "team-tourn"]
[EventCountry "MNE"]
[SourceTitle "playchess.com"]
[Source "ChessBase"]
[SourceQuality "1"]
[WhiteTeam "England"]
[BlackTeam "Greece"]
[WhiteTeamCountry "ENG"]
[BlackTeamCountry "GRE"]

1. e4 e5 2. Nf3 Nc6 3. Bb5 a6 4. Ba4 Nf6 5. O-O Bc5 6. c3 b5 7. Bb3 d6 8. d4 Bb6 9. Be3 O-O 10. Nbd2 h6 11. h3 Re8 12. Bc2 Rb8 13. a4 exd4 14. cxd4 Nb4 15. Bb1 c5 16. Re1 cxd4 17. Nxd4 Bd7 18. axb5 axb5 19. N4f3 Bxe3 20. Rxe3 Qb6 21. Nf1 Rbd8 22. Ng3 Nc6 23. Ba2 Be6 24. Bxe6 Rxe6 25. Rd3 Nxe4 26. Nxe4 Rxe4 27. Rxd6 Rd4 28. Qxd4 Qxd4 29. Nxd4 Rxd6 30. Nxb5 Rd2 31. Rb1 Nb4 32. Nc3 f5 33. b3 Rc2 34. Nd1 f4 35. Nb2 Kf7 36. Nc4 Kf6 37. Rd1 Rc3 38. Rd4 Rxb3 39. Rxf4+ Ke6 40. Rg4 Kf6 41. Nd2 Rb2 42. Ne4+ Ke5 43. f3 g5 44. h4 Nd5 45. Nf2 Rb1+ 46. Kh2 Nf6 47. Ra4 Rb5 48. Ra6 gxh4 49. Kh3 Kf5 50. Kxh4 h5 51. Ra4 Nd5 52. Nh3 Nf6 53. Rc4 Ra5 54. Kg3 Rb5 55. Rc7 Kg6 56. Nf4+ Kf5 57. Rf7 Kg5 58. Rg7+ Kf5 59. Nh3 Ke6 60. Kh4 Rb4+ 61. Kg5 Rb5+ 62. Kg6 Nd5 63. Kh6 h4 64. Rg6+ Ke7 65. Rg5 Kf6 66. Nf4 Nxf4 67. Rxb5 Nxg2 68. Kh5 h3 69. Kg4 h2 70. Rh5 Ne3+ 71. Kg3 Kg6 72. Rh8 Kg7 73. Rh3 Kg6 74. Kxh2 Kg5 75. Kg3 1-0

[Event "ETCC Open 2023"]
[Site "Budva"]
[Date "2023.11.15"]
[Round "5.21"]
[White "Vocaturo, Daniele"]
[Black "Van Foreest, Jorden"]
[Result "0-1"]
[WhiteElo "2632"]
[BlackElo "2700"]
[Annotator "TA"]
[PlyCount "44"]
[EventDate "2023.11.10"]
[EventType "team-tourn"]
[EventCountry "MNE"]
[SourceTitle "playchess.com"]
[Source "ChessBase"]
[SourceQuality "1"]
[WhiteTeam "Italy"]
[BlackTeam "Netherlands"]
[WhiteTeamCountry "ITA"]
[BlackTeamCountry "NED"]

1. e4 c6 2. d4 d5 3. Nc3 dxe4 4. Nxe4 Nf6 5. Nxf6+ exf6 6. Be3 Bd6 7. Bd3 Nd7 8. Qf3 Nf8 9. O-O-O Be6 10. c4 Ng6 11. h4 Qd7 12. h5 Bg4 13. Qe4+ Ne7 14. Be2 Bf5 15. Qh4 b5 16. g4 Be6 17. g5 fxg5 18. Qxg5 bxc4 19. Qxg7 Rg8 20. Qxh7 Bf5 21. Qh6 Nd5 22. Nf3 Bf8 0-1

[Event "ETCC Open 2023"]
[Site "Budva"]
[Date "2023.11.15"]
[Round "5.22"]
[White "Warmerdam, Max"]
[Black "Moroni, Luca Jr"]
[Result "1/2-1/2"]
[WhiteElo "2638"]
[BlackElo "2575"]
[Annotator "TA"]
[PlyCount "109"]
[EventDate "2023.11.10"]
[EventType "team-tourn"]
[EventCountry "MNE"]
[SourceTitle "playchess.com"]
[Source "ChessBase"]
[SourceQuality "1"]
[WhiteTeam "Netherlands"]
[BlackTeam "Italy"]
[WhiteTeamCountry "NED"]
[BlackTeamCountry "ITA"]

1. d4 d5 2. c4 e6 3. Nc3 Nf6 4. cxd5 exd5 5. Bg5 c6 6. e3 h6 7. Bh4 Be7 8. Bd3 O-O 9. Nge2 Ne8 10. Bg3 Nd6 11. Qc2 Be6 12. O-O Qd7 13. f3 Na6 14. a3 c5 15. Nf4 cxd4 16. exd4 Rac8 17. Qf2 Nc7 18. Rfe1 Nf5 19. Nxe6 fxe6 20. Be5 Bh4 21. g3 Bf6 22. Rad1 a6 23. Kh1 Ne8 24. Bxf5 exf5 25. Rd3 Nc7 26. Rde3 Bxe5 27. Rxe5 Rce8 28. Qd2 Qc6 29. Kg2 Qc4 30. h4 Qb3 31. h5 Qc4 32. Qf4 Qb3 33. R1e2 Rxe5 34. Qxe5 Qc4 35. Qd6 Rf6 36. Qd8+ Rf8 37. Qd7 Rf7 38. Re7 Rxe7 39. Qxe7 Nb5 40. Qe6+ Kh8 41. Qxf5 Nxc3 42. Qf8+ Kh7 43. Qf5+ Kh8 44. Qf8+ Kh7 45. bxc3 b5 46. Qf5+ Kh8 47. Qc2 a5 48. Qb2 a4 49. g4 Qb3 50. Qc1 Qc4 51. Qb2 Qb3 52. Qc1 Qc4 53. Kg3 b4 54. axb4 Qb3 55. Qe3 1/2-1/2

[Event "ETCC Open 2023"]
[Site "Budva"]
[Date "2023.11.15"]
[Round "5.23"]
[White "Sonis, Francesco"]
[Black "Bok, Benjamin"]
[Result "1/2-1/2"]
[WhiteElo "2564"]
[BlackElo "2621"]
[Annotator "TA"]
[PlyCount "126"]
[EventDate "2023.11.10"]
[EventType "team-tourn"]
[EventCountry "MNE"]
[SourceTitle "playchess.com"]
[Source "ChessBase"]
[SourceQuality "1"]
[WhiteTeam "Italy"]
[BlackTeam "Netherlands"]
[WhiteTeamCountry "ITA"]
[BlackTeamCountry "NED"]

1. d4 Nf6 2. c4 e6 3. Nf3 b6 4. g3 Ba6 5. Nbd2 Bb7 6. Bg2 Be7 7. O-O O-O 8. b3 c5 9. dxc5 bxc5 10. Bb2 Qc7 11. Nb1 d6 12. Nc3 a6 13. Qd3 Nc6 14. Rac1 Rfd8 15. Rfd1 h6 16. Qb1 Rab8 17. Nd2 Nb4 18. Nde4 Nxe4 19. Nxe4 Qa5 20. a3 Nc6 21. Qa1 Bf8 22. Bc3 Qb6 23. b4 cxb4 24. axb4 Nxb4 25. Bxb4 Qxb4 26. Rb1 Qxc4 27. Rdc1 Bxe4 28. Rxb8 Rxb8 29. Rxc4 Rb1+ 30. Qxb1 Bxb1 31. Ra4 d5 32. Rxa6 g5 33. Bf3 Bg6 34. Ra4 Bc2 35. Ra7 Bg6 36. g4 Kg7 37. Kg2 Bd6 38. e3 Be5 39. Rd7 Kf6 40. h4 gxh4 41. Kh3 Kg5 42. Bxd5 exd5 43. f4+ Bxf4 44. Rxd5+ f5 45. exf4+ Kxf4 46. gxf5 Bxf5+ 47. Kxh4 Bg6 48. Rd6 Kf5 49. Ra6 h5 50. Ra1 Kf6 51. Rf1+ Kg7 52. Kg5 Be8 53. Rb1 Bg6 54. Rb6 Be4 55. Kxh5 Bf3+ 56. Kg5 Be4 57. Re6 Bd3 58. Re7+ Kg8 59. Kf6 Bc2 60. Rg7+ Kh8 61. Kf7 Bb3+ 62. Kf8 Bc2 63. Rh7+ Kxh7 1/2-1/2

[Event "ETCC Open 2023"]
[Site "Budva"]
[Date "2023.11.15"]
[Round "5.24"]
[White "Vrolijk, Liam"]
[Black "Dvirnyy, Danyyil"]
[Result "1-0"]
[WhiteElo "2569"]
[BlackElo "2495"]
[Annotator "TA"]
[PlyCount "73"]
[EventDate "2023.11.10"]
[EventType "team-tourn"]
[EventCountry "MNE"]
[SourceTitle "playchess.com"]
[Source "ChessBase"]
[SourceQuality "1"]
[WhiteTeam "Netherlands"]
[BlackTeam "Italy"]
[WhiteTeamCountry "NED"]
[BlackTeamCountry "ITA"]

1. d4 d5 2. c4 e6 3. Nf3 Nf6 4. g3 Bb4+ 5. Bd2 Be7 6. Bg2 O-O 7. O-O c6 8. Qc2 Nbd7 9. Rd1 b6 10. Bf4 Bb7 11. Ne5 Nxe5 12. dxe5 Nd7 13. cxd5 cxd5 14. e4 d4 15. Rxd4 g5 16. Qd2 Bc6 17. Be3 h6 18. Nc3 Bc5 19. Rd3 Qc7 20. Bxg5 Nxe5 21. Bxh6 Rfd8 22. Qg5+ Ng6 23. Qf6 Bf8 24. Rxd8 Rxd8 25. Bxf8 Kxf8 26. Qg5 Qd6 27. h4 Qd2 28. Qf6 Qd4 29. Qxd4 Rxd4 30. Rd1 Rb4 31. b3 a5 32. Rd6 Be8 33. h5 Ne5 34. f4 Ng4 35. Bf3 Nh6 36. Bd1 Ke7 37. Rd2 1-0

[Event "ETCC Open 2023"]
[Site "Budva"]
[Date "2023.11.15"]
[Round "5.25"]
[White "Predke, Alexandr"]
[Black "Saric, Ivan"]
[Result "1/2-1/2"]
[WhiteElo "2661"]
[BlackElo "2659"]
[Annotator "TA"]
[PlyCount "107"]
[EventDate "2023.11.10"]
[EventType "team-tourn"]
[EventCountry "MNE"]
[SourceTitle "playchess.com"]
[Source "ChessBase"]
[SourceQuality "1"]
[WhiteTeam "Serbia"]
[BlackTeam "Croatia"]
[WhiteTeamCountry "SRB"]
[BlackTeamCountry "CRO"]

1. d4 Nf6 2. Nf3 g6 3. Bf4 Bg7 4. e3 d6 5. h3 O-O 6. Be2 b6 7. O-O Bb7 8. c4 Nbd7 9. Qc2 Ne4 10. Rd1 f5 11. c5 Bd5 12. Nc3 Nxc3 13. bxc3 Kh8 14. cxd6 cxd6 15. c4 Rc8 16. Qa4 Bg8 17. Qxa7 Ra8 18. Qb7 Qc8 19. Qxc8 Rfxc8 20. Bg5 Re8 21. g4 h6 22. Bh4 fxg4 23. hxg4 g5 24. Bg3 Ra3 25. Rd3 Rea8 26. Rxa3 Rxa3 27. Nd2 Nf6 28. Nb1 Ra4 29. Nc3 Ra3 30. Nb1 Ra4 31. Nc3 Ra3 32. Rc1 Nd7 33. Kf1 Bf6 34. Ke1 Bh7 35. Kd2 e5 36. dxe5 Bxe5 37. Bxe5+ dxe5 38. e4 Nc5 39. f3 Bg8 40. Rb1 Ra6 41. Rb2 Kg7 42. Kc1 Bf7 43. Nd5 h5 44. gxh5 Bxh5 45. Kd2 Ra3 46. Nc3 Bf7 47. Nb5 Ra8 48. Nc7 Ra3 49. Nb5 Ra8 50. Ke3 Bg6 51. Rd2 g4 52. fxg4 Bxe4 53. Rd6 Rxa2 54. Rxb6 1/2-1/2